Countries Closest to South Africa - 30 Second Sprint - Statistics

General Stats
  • This quiz has been taken 57 times
  • The average score is 11 of 22
Answer Stats
km country miles % Correct
0 Lesotho 0
93%
0 Zimbabwe 0
90%
0 Mozambique 0
85%
517 Zambia 322
85%
0 Botswana 0
80%
0 Namibia 0
80%
0 Swaziland 0
75%
750 Angola 466
68%
965 Dem Rep Congo 600
60%
1170 Madagascar 727
58%
707 Malawi 440
58%
1263 Tanzania 785
58%
2282 Congo 1418
48%
2148 Kenya 1335
35%
1724 Comoros 1071
25%
2504 Gabon 1556
25%
1966 Burundi 1221
23%
2637 Mauritius 1639
23%
2147 Rwanda 1334
20%
2298 Uganda 1428
20%
2148 Seychelles 1334
5%
2560 Somalia 1590
5%
No matching quizzes found
Score Distribution
Percent of People with Each Score
Percentile by Number Answered
Your Score History
You have not taken this quiz